| 000 | 00758nam a2200193 i 4500 | ||
|---|---|---|---|
| 001 | 189744 | ||
| 003 | ES-MaACL | ||
| 005 | 20231226165155.0 | ||
| 008 | 191008s1944 sp |||| | spa d | ||
| 100 | 1 |
_aLaín Entralgo, Pedro, _d1908-2001 _969681 |
|
| 245 | 1 | 0 |
_aMenéndez Pelayo _b: historia de sus problemas intelectuales / _cPedro Laín Entralgo. |
| 260 |
_aMadrid : _bInstituto de Estudios Políticos, _c1944. |
||
| 300 |
_a398 p. ; _c22 cm. |
||
| 594 | _aEn port.: Segunda entrega de la serie "Sobre la cultura española" | ||
| 600 | 1 | 4 |
_aMenéndez y Pelayo, Marcelino, _d1856-1912- _xCrítica e interpretación _980334 |
| 710 | 2 |
_aInstituto de Estudios Políticos (Madrid) _94924 |
|
| 852 |
_aES-MaACL _jP-927-2 |
||
| 999 |
_c189744 _d189744 |
||